[Event "THA-ch 46th"]
[Site "Bangkok"]
[Date "2023.04.15"]
[Round "8"]
[White "Mokawattana, Wongsathorn"]
[Black "Charoenkwan, Pat"]
[Result "1-0"]
[WhiteElo "1616"]
[BlackElo "1687"]
[PlyCount "115"]
[EventDate "2023.04.12"]
[EventType "swiss"]
[EventRounds "9"]
[EventCountry "THA"]
[SourceTitle "CBM 213 Extra"]
[Source "ChessBase"]
[SourceDate "2023.05.31"]
[SourceVersion "1"]
[SourceVersionDate "2023.05.31"]
[SourceQuality "1"]

1. e4 e5 2. Nc3 Nf6 3. f4 d5 4. fxe5 Nxe4 5. Qf3 Nxc3 6. dxc3 Be6 7. Bf4 Nd7 8. 0-0-0 g5 9. Bg3 h5 10. h3 g4 11. Qe3 Bc5 12. Qd2 Rg8 13. Ne2 Qg5 14. Bf4 Qg7 15. Nd4 0-0-0 16. Re1 Be7 17. Bd3 Bg5 18. h4 Bxf4 19. Qxf4 Nc5 20. Bf5 Kb8 21. b4 Bxf5 22. Nxf5 Ne6 23. Nxg7 Nxf4 24. g3 Ng2 25. Re2 Rxg7 26. Rxg2 Kc8 27. Rf1 Kd7 28. Rf5 Rh7 29. Rgf2 Ke6 30. Kd2 c5 31. Kd3 cxb4 32. Rf6+ Ke7 33. cxb4 Rc8 34. Rd6 Rc7 35. Rxd5 Rh8 36. c4 Rhc8 37. Rf4 b6 38. a4 a6 39. a5 Rb7 40. axb6 Rxb6 41. Kc3 Rcb8 42. c5 Rb5 43. e6 Kxe6 44. Rd6+ Ke5 45. Rxa6 f5 46. Rh6 Ra8 47. Kc4 Rab8 48. Kb3 Rxc5 49. Rxf5+ Kxf5 50. Rxh5+ Ke4 51. Rxc5 Rf8 52. b5 Rf1 53. Rc3 Kd5 54. Kb4 Ra1 55. Rc5+ Ke4 56. b6 Rg1 57. Rc3 Kd5 58. b7 1-0

[Event "THA-ch 46th"]
[Site "Bangkok"]
[Date "2023.04.13"]
[Round "3"]
[White "Mokawattana, Wongsathorn"]
[Black "Burbach, Brunel Baron"]
[Result "1/2-1/2"]
[WhiteElo "1616"]
[BlackElo "1934"]
[PlyCount "72"]
[EventDate "2023.04.12"]
[EventType "swiss"]
[EventRounds "9"]
[EventCountry "THA"]
[SourceTitle "CBM 213 Extra"]
[Source "ChessBase"]
[SourceDate "2023.05.31"]
[SourceVersion "1"]
[SourceVersionDate "2023.05.31"]
[SourceQuality "1"]

1. e4 c5 2. c3 e6 3. d4 d5 4. exd5 exd5 5. Bb5+ Bd7 6. Bxd7+ Qxd7 7. Nf3 Bd6 8. dxc5 Bxc5 9. 0-0 Ne7 10. Re1 0-0 11. Bf4 Ng6 12. Bg3 Nc6 13. Nbd2 Rad8 14. Nb3 Bb6 15. a4 a5 16. Nfd4 f5 17. f4 Rfe8 18. Rxe8+ Rxe8 19. Kh1 Nxd4 20. Nxd4 Re4 21. Qd2 Bxd4 22. cxd4 b6 23. b3 Nf8 24. Re1 Ne6 25. Rxe4 dxe4 26. Bf2 Qd5 27. Qc3 h6 28. Be3 Kh7 29. Qc4 Qd6 30. g3 Nc7 31. Qf7 Qc6 32. Qxf5+ Kh8 33. Qf8+ Kh7 34. Qf5+ Kh8 35. Qf8+ Kh7 36. Qf5+ Kh8 1/2-1/2